LEADER 00972nam2-2200337---450- 001 990009313350403321 005 20110201154124.0 010 $a978-1-84821-122-3 035 $a000931335 035 $aFED01000931335 035 $a(Aleph)000931335FED01 035 $a000931335 100 $a20110131d2009----km-y0itay50------ba 101 0 $aeng 102 $aUS 105 $a--------001yy 200 1 $aSinusoidal Vibration$fChristian Lalanne 205 $a2nd ed. 210 $aHoboken N. J.$cJohn Wiley & Sons Inc.$aLondon$cISTE$d2009 215 $aXXI, 369, [ 31] p.$cIll.$d24 cm 461 0$1001000931332$12001$aMechanical vibration and shock analysis$v01 610 0 $aVibrazioni$aMeccanica 676 $a624.1 700 1$aLalanne,$bChristian$0510072 801 0$aIT$bUNINA$gRICA$2UNIMARC 901 $aBK 912 $a990009313350403321 952 $a13 15 09$b17145$fFINBC 959 $aFINBC 996 $aSinusoidal Vibration$9771701 997 $aUNINA LEADER 01000nam1 2200361 450 001 990006066890203316 005 20150828142310.0 035 $a000606689 035 $aUSA01000606689 035 $a(ALEPH)000606689USA01 035 $a000606689 100 $a20150828d--------km-y0itay50------ba 101 0 $aita 102 $aIT 105 $a||||||||001yy 200 1 $aPapyri$fAristide Calderini 210 $aMilano$cCeschina 215 $avolumi$d19 cm 225 2 $aBiblioteca di alta coltura 410 0$12001$aBiblioteca di alta coltura 606 0 $aPapiri greci [e] Papiri latini$2BNCF 676 $a091 700 1$aCALDERINI,$bAristide$0162594 801 0$aIT$bsalbc$gISBD 912 $a990006066890203316 951 $aXV.9.M. 809/$bMAR$cXV.9.M. 959 $aBK 969 $aMAR 979 $aIANNONE$b90$c20150828$lUSA01$h1417 979 $aIANNONE$b90$c20150828$lUSA01$h1422 979 $aIANNONE$b90$c20150828$lUSA01$h1423 996 $aPapyri$9488833 997 $aUNISA